000 00639nam a22002177a 4500
005 20220107141344.0
008 140716b xxu||||| |||| 00| 0 eng d
020 _a9780840032706
_c2292.00
040 _aLoreto College
082 _a302
_bDEL
100 _aDelamater,John D.
245 _aSocial psychology
_cJohn D. Delamater and Daniel J.Myers
260 _aBelmont
_bWadsworth Cengage Learning
_c2011
300 _axx,588p
_b22cm
504 _aIncludes bibliographical references and index
650 _aSocial psychology
650 _aSociology
700 _4Auth
_aMyers,Daniel J.
850 _aLCLIB
_bSociology
942 _cBK
999 _c39374
_d89853